| 000 | 00809cam a2200205 4500 | ||
|---|---|---|---|
| 020 | _a0309021332 | ||
| 022 | _a0309021332 | ||
| 082 | 0 | 0 |
_a625.7/08 s _a388.322044 _bNAT _cD |
| 245 | 0 | 0 |
_aBus use of highways; _bstate of the art _c[by] Herbert S. Levinson [and others] |
| 260 |
_aWashington, _bHighway Research Board, National Research Council, _c1973. |
||
| 300 |
_a406 p. _c28 cm. |
||
| 490 | 1 | _aNational Cooperative Highway Research Program. Report ; | |
| 500 | _a"Project 8-10 FY '72." | ||
| 500 | _a"Research sponsored by the American Association of State Highway Officials in cooperation with the Federal Highway Administration." | ||
| 526 |
_a0 _b0 _c0 _d625_708000000000000_S_NAT |
||
| 650 | 0 |
_aBus lanes. _938722 |
|
| 650 | 0 |
_aNUST _96342 |
|
| 700 | 1 |
_aLevinson, Herbert S. _938723 |
|
| 942 |
_2ddc _cBK |
||
| 999 |
_c543364 _d543364 |
||